<?xml version="1.0" encoding="UTF-8"?>
<record
    xmlns:xsi="http://www.w3.org/2001/XMLSchema-instance"
    xsi:schemaLocation="http://www.loc.gov/MARC21/slim http://www.loc.gov/standards/marcxml/schema/MARC21slim.xsd"
    xmlns="http://www.loc.gov/MARC21/slim">

  <leader>01923nam a22002897a 4500</leader>
  <controlfield tag="001">1187</controlfield>
  <controlfield tag="005">20251111135414.0</controlfield>
  <datafield tag="020" ind1=" " ind2=" ">
    <subfield code="a">FISBK03795</subfield>
  </datafield>
  <datafield tag="040" ind1=" " ind2=" ">
    <subfield code="a">FISKH</subfield>
    <subfield code="b">eng</subfield>
    <subfield code="c">FISKH</subfield>
    <subfield code="d">FISKH</subfield>
  </datafield>
  <datafield tag="082" ind1=" " ind2=" ">
    <subfield code="a">591.7</subfield>
  </datafield>
  <datafield tag="100" ind1=" " ind2=" ">
    <subfield code="a">Anonymous </subfield>
  </datafield>
  <datafield tag="245" ind1=" " ind2=" ">
    <subfield code="a">&#x1787;&#x17D2;&#x179A;&#x17BC;&#x1780;&#x179F;&#x17CA;&#x17BC;&#x1793;&#x17B9;&#x1784;&#x1781;&#x17D2;&#x179B;&#x17B6; / </subfield>
  </datafield>
  <datafield tag="260" ind1=" " ind2=" ">
    <subfield code="a">Phnom Penh : </subfield>
    <subfield code="b">Opsok, </subfield>
    <subfield code="c">2015. </subfield>
  </datafield>
  <datafield tag="300" ind1=" " ind2=" ">
    <subfield code="a">12 pages : </subfield>
    <subfield code="b">color illustrations ; </subfield>
    <subfield code="c">21 cm </subfield>
  </datafield>
  <datafield tag="490" ind1=" " ind2=" ">
    <subfield code="a">&#x1793;&#x17B7;&#x1791;&#x17B6;&#x1793;&#x17A2;&#x1794;&#x17CB;&#x179A;&#x17C6;&#x179F;&#x1798;&#x17D2;&#x179A;&#x17B6;&#x1794;&#x17CB;&#x1780;&#x17BB;&#x1798;&#x17B6;&#x179A; </subfield>
  </datafield>
  <datafield tag="505" ind1=" " ind2=" ">
    <subfield code="a">O </subfield>
  </datafield>
  <datafield tag="520" ind1=" " ind2=" ">
    <subfield code="a">&#x1787;&#x17D2;&#x179A;&#x17BC;&#x1780;&#x1796;&#x17D2;&#x179A;&#x17C3;&#x1798;&#x17BD;&#x1799;&#x1780;&#x17D2;&#x1794;&#x17B6;&#x179B;&#x178A;&#x17C2;&#x179B;&#x1787;&#x17B6;&#x1794;&#x17CB;&#x1780;&#x17D2;&#x1793;&#x17BB;&#x1784;&#x17A2;&#x1793;&#x17D2;&#x179B;&#x1784;&#x17CB;&#x178F;&#x17D2;&#x179A;&#x17BC;&#x179C;&#x1794;&#x17B6;&#x1793;&#x1787;&#x17BD;&#x1799;&#x179F;&#x1784;&#x17D2;&#x179A;&#x17D2;&#x1782;&#x17C4;&#x17C7;&#x178A;&#x17C4;&#x1799;&#x1794;&#x17BB;&#x179A;&#x179F;&#x1787;&#x17B6;&#x1784;&#x1788;&#x17BE;&#x1798;&#x17D2;&#x1793;&#x17B6;&#x1780;&#x17CB; &#x17A0;&#x17BE;&#x1799;&#x1780;&#x17CF;&#x1794;&#x17B6;&#x1793;&#x178F;&#x17D2;&#x179A;&#x17A1;&#x1794;&#x17CB;&#x1791;&#x17C5;&#x179A;&#x179F;&#x17CB;&#x1793;&#x17C5;&#x1787;&#x17BD;&#x1794;&#x1787;&#x17BB;&#x17C6;&#x1782;&#x17D2;&#x179A;&#x17BD;&#x179F;&#x17B6;&#x179A;&#x179A;&#x1794;&#x179F;&#x17CB;&#x179C;&#x17B6;&#x179C;&#x17B7;&#x1789;&#x17D4; &#x1798;&#x17B6;&#x1793;&#x179F;&#x178F;&#x17D2;&#x179C;&#x1781;&#x17D2;&#x179B;&#x17B6;&#x1780;&#x17C6;&#x178E;&#x17B6;&#x1785;&#x1798;&#x17BD;&#x1799;&#x1780;&#x17D2;&#x1794;&#x17B6;&#x179B;&#x178F;&#x17C2;&#x1784;&#x178F;&#x17C2;&#x1798;&#x1780;&#x1799;&#x17B6;&#x179A;&#x1799;&#x17B8;&#x17A0;&#x17D2;&#x179C;&#x17BC;&#x1784;&#x1787;&#x17D2;&#x179A;&#x17BC;&#x1780;&#x1796;&#x17D2;&#x179A;&#x17C3;&#x1791;&#x17B6;&#x17C6;&#x1784;&#x17A2;&#x179F;&#x17CB;&#x1793;&#x17C4;&#x17C7; &#x1780;&#x17D2;&#x179A;&#x17C4;&#x1799;&#x1798;&#x1780;&#x1796;&#x17BD;&#x1780;&#x179C;&#x17B6;&#x1780;&#x17CF;&#x1794;&#x17B6;&#x1793;&#x179A;&#x17C0;&#x1794;&#x1785;&#x17C6;&#x17A2;&#x1793;&#x17D2;&#x1791;&#x17B6;&#x1780;&#x17CB; &#x17A0;&#x17BE;&#x1799;&#x1794;&#x17B6;&#x1793;&#x1794;&#x17D2;&#x179A;&#x1799;&#x17BB;&#x1791;&#x17D2;&#x1792;&#x1787;&#x17B6;&#x1798;&#x17BD;&#x1799;&#x1793;&#x17B9;&#x1784;&#x1781;&#x17D2;&#x179B;&#x17B6;&#x1793;&#x17C4;&#x17C7;&#x17A0;&#x17BE;&#x1799;&#x1794;&#x17B6;&#x1793;&#x179F;&#x1798;&#x17D2;&#x179B;&#x17B6;&#x1794;&#x17CB;&#x179C;&#x17B6;&#x179F;&#x17D2;&#x179B;&#x17B6;&#x1794;&#x17CB;&#x1794;&#x17B6;&#x178F;&#x17CB;&#x1791;&#x17C5;&#x17D4;</subfield>
  </datafield>
  <datafield tag="520" ind1=" " ind2=" ">
    <subfield code="a">A wild boar trapped in a ditch was rescued by a carpenter and returned to live with his family. A ferocious tiger always came to harass the herd of wild boars, then they set up a trap and fought with the tiger and killed it.</subfield>
  </datafield>
  <datafield tag="521" ind1=" " ind2=" ">
    <subfield code="a">670 
</subfield>
    <subfield code="b">Lexile estimate 
</subfield>
  </datafield>
  <datafield tag="521" ind1=" " ind2=" ">
    <subfield code="a">O 
</subfield>
    <subfield code="b">Raz-Plus 
</subfield>
  </datafield>
  <datafield tag="650" ind1=" " ind2=" ">
    <subfield code="a">&#x1781;&#x17D2;&#x179B;&#x17B6;&#x1783;&#x17D2;&#x1798;&#x17BB;&#x17C6; </subfield>
    <subfield code="v">&#x1787;&#x17BD;&#x1799;&#x179F;&#x1784;&#x17D2;&#x179A;&#x17D2;&#x1782;&#x17C4;&#x17C7; </subfield>
    <subfield code="x">&#x1794;&#x17D2;&#x179A;&#x1799;&#x17BB;&#x1791;&#x17D2;&#x1792; </subfield>
  </datafield>
  <datafield tag="650" ind1=" " ind2=" ">
    <subfield code="a">Boar </subfield>
    <subfield code="v">Rescued </subfield>
    <subfield code="x">Fighting </subfield>
  </datafield>
  <datafield tag="650" ind1=" " ind2=" ">
    <subfield code="a">&#x1781;&#x17D2;&#x179B;&#x17B6; </subfield>
    <subfield code="v">&#x1794;&#x17D2;&#x179A;&#x1798;&#x17B6;&#x1789;&#x17CB;&#x200B; </subfield>
  </datafield>
  <datafield tag="650" ind1=" " ind2=" ">
    <subfield code="a">Tiger </subfield>
    <subfield code="v">Hunting </subfield>
  </datafield>
  <datafield tag="700" ind1=" " ind2=" ">
    <subfield code="a">Phearum </subfield>
    <subfield code="c">illustrator </subfield>
  </datafield>
  <datafield tag="942" ind1=" " ind2=" ">
    <subfield code="2">ddc</subfield>
    <subfield code="c">BK</subfield>
    <subfield code="n">0</subfield>
  </datafield>
  <datafield tag="999" ind1=" " ind2=" ">
    <subfield code="c">1187</subfield>
    <subfield code="d">1187</subfield>
  </datafield>
  <datafield tag="952" ind1=" " ind2=" ">
    <subfield code="0">0</subfield>
    <subfield code="1">0</subfield>
    <subfield code="2">ddc</subfield>
    <subfield code="4">0</subfield>
    <subfield code="7">0</subfield>
    <subfield code="8">KH</subfield>
    <subfield code="a">001</subfield>
    <subfield code="b">001</subfield>
    <subfield code="c">KHRS</subfield>
    <subfield code="d">2023-08-07</subfield>
    <subfield code="l">1</subfield>
    <subfield code="o">PHE 591.7</subfield>
    <subfield code="p">2023-0200</subfield>
    <subfield code="r">2025-06-09 14:19:07</subfield>
    <subfield code="s">2024-12-03</subfield>
    <subfield code="t">1</subfield>
    <subfield code="w">2023-08-07</subfield>
    <subfield code="y">BK</subfield>
  </datafield>
  <datafield tag="952" ind1=" " ind2=" ">
    <subfield code="0">0</subfield>
    <subfield code="1">0</subfield>
    <subfield code="2">ddc</subfield>
    <subfield code="4">0</subfield>
    <subfield code="7">0</subfield>
    <subfield code="8">KH</subfield>
    <subfield code="a">001</subfield>
    <subfield code="b">001</subfield>
    <subfield code="c">TTP Khmer</subfield>
    <subfield code="d">2023-08-07</subfield>
    <subfield code="l">0</subfield>
    <subfield code="o">ANO  591.7</subfield>
    <subfield code="p">FIS04207</subfield>
    <subfield code="r">2024-09-17 11:39:46</subfield>
    <subfield code="t">2</subfield>
    <subfield code="w">2023-08-07</subfield>
    <subfield code="y">BK</subfield>
  </datafield>
  <datafield tag="952" ind1=" " ind2=" ">
    <subfield code="0">0</subfield>
    <subfield code="1">0</subfield>
    <subfield code="2">ddc</subfield>
    <subfield code="4">0</subfield>
    <subfield code="7">0</subfield>
    <subfield code="8">KH</subfield>
    <subfield code="a">001</subfield>
    <subfield code="b">001</subfield>
    <subfield code="c">TTP Khmer</subfield>
    <subfield code="d">2023-08-07</subfield>
    <subfield code="l">1</subfield>
    <subfield code="o">ANO  591.7</subfield>
    <subfield code="p">2024-1979</subfield>
    <subfield code="r">2026-03-19 11:00:57</subfield>
    <subfield code="s">2025-07-15</subfield>
    <subfield code="t">3</subfield>
    <subfield code="w">2023-08-07</subfield>
    <subfield code="y">BK</subfield>
  </datafield>
  <datafield tag="952" ind1=" " ind2=" ">
    <subfield code="0">0</subfield>
    <subfield code="1">0</subfield>
    <subfield code="2">ddc</subfield>
    <subfield code="4">0</subfield>
    <subfield code="7">0</subfield>
    <subfield code="8">KH</subfield>
    <subfield code="a">001</subfield>
    <subfield code="b">002</subfield>
    <subfield code="c">TTP Khmer</subfield>
    <subfield code="d">2023-08-07</subfield>
    <subfield code="l">1</subfield>
    <subfield code="o">ANO  591.7</subfield>
    <subfield code="p">FIS04259</subfield>
    <subfield code="r">2025-10-24 09:39:13</subfield>
    <subfield code="s">2025-10-17</subfield>
    <subfield code="t">4</subfield>
    <subfield code="w">2023-08-07</subfield>
    <subfield code="y">BK</subfield>
  </datafield>
  <datafield tag="952" ind1=" " ind2=" ">
    <subfield code="0">0</subfield>
    <subfield code="1">0</subfield>
    <subfield code="2">ddc</subfield>
    <subfield code="4">0</subfield>
    <subfield code="7">0</subfield>
    <subfield code="8">KH</subfield>
    <subfield code="a">002</subfield>
    <subfield code="b">002</subfield>
    <subfield code="c">TTP Khmer</subfield>
    <subfield code="d">2025-11-10</subfield>
    <subfield code="l">0</subfield>
    <subfield code="o">ANO  591.7</subfield>
    <subfield code="p">FIS04467</subfield>
    <subfield code="r">2025-11-10 15:32:14</subfield>
    <subfield code="t">5</subfield>
    <subfield code="w">2025-11-10</subfield>
    <subfield code="y">BK</subfield>
  </datafield>
</record>
